000 00546nam a2200169 i 4500
001 36910
003 ES-MaACL
005 20250630063514.0
007 t|
008 030219s1975 sp ||||1| spa d
100 1 _aBouza, Antonio L.,
_d1934-2020
_931098
245 1 3 _aEl Tribunal de los Ofrecimientos
_b: auto de introducción a la Navidad /
_cAntonio L. Bouza.
260 _a[S.l. :
_bs.n.,
_c1975] (
_eBurgos :
_fImp. Monte Carmelo)
300 _a6 h. ;
_c22 cm.
852 _aES-MaACL
_j2103-F-7
_bR.93780
999 _c36910
_d36910